书目信息 |
| 题名: |
天堂美术馆
|
|
| 作者: | 李清志 著 | |
| 分册: | ||
| 出版信息: | 沈阳 辽宁教育出版社 2011.07 |
|
| 页数: | 167页 | |
| 开本: | 24cm | |
| 丛书名: | ||
| 单 册: | ||
| 中图分类: | TU242.5 | |
| 科图分类: | ||
| 主题词: | 美术馆--mei shu guan--建筑艺术 | |
| 电子资源: | ||
| ISBN: | 978-7-5382-9211-4 | |
| 000 | 00799nam0 2200229 450 | |
| 001 | 1162710987 | |
| 005 | 20111110172557.95 | |
| 010 | @a978-7-5382-9211-4@dCNY29.80@z7-5382-9211-X | |
| 100 | @a20110706d2011 em y0chiy50 ea | |
| 101 | 0 | @achi |
| 102 | @aCN@b210000 | |
| 105 | @aa z 000yy | |
| 200 | 1 | @a天堂美术馆@Atian tang mei shu guan@d= Utopla museum@f李清志著@zeng |
| 210 | @a沈阳@c辽宁教育出版社@d2011.07 | |
| 215 | @a167页@c彩图@d24cm | |
| 330 | @a本书主要内容包括: 古都的玻璃幽浮、乌托邦美术馆、迷宫物语、圆圈圈的游戏、睡莲池中的美术馆、绿色波浪里的艺术殿堂、绿林中的祥兽等。 | |
| 510 | 1 | @aUtopla museum@zeng |
| 606 | 0 | @a美术馆@Amei shu guan@x建筑艺术 |
| 690 | @aTU242.5@v4 | |
| 701 | 0 | @a李清志@Ali qing zhi@4著 |
| 801 | 0 | @aCN@bRENTIAN@c20110706 |
| 905 | @aZUCC@dTU242.5@eL239 | |
| 天堂美术馆= Utopla museum/李清志著.-沈阳:辽宁教育出版社,2011.07 |
| 167页:彩图;24cm |
| ISBN 978-7-5382-9211-4:CNY29.80 |
| 本书主要内容包括: 古都的玻璃幽浮、乌托邦美术馆、迷宫物语、圆圈圈的游戏、睡莲池中的美术馆、绿色波浪里的艺术殿堂、绿林中的祥兽等。 |
| ● |
| 相关链接 |
|
|
|
正题名:天堂美术馆
索取号:TU242.5/L239
 
预约/预借
| 序号 | 登录号 | 条形码 | 馆藏地/架位号 | 状态 | 备注 |
| 1 | 1220884 | 212208840 | 建筑库101/101建筑库 67排5列4层/ [索取号:TU242.5/L239] | 在馆 | |
| 2 | 1220885 | 212208859 | 建筑库101/101建筑库 67排5列4层/ [索取号:TU242.5/L239] | 在馆 | |
| 3 | 1220886 | 212208868 | 建筑库101/101建筑库 67排5列4层/ [索取号:TU242.5/L239] | 在馆 |